Acts analyzed and explained / (Record no. 4462)
[ view plain ]
| 000 -LEADER | |
|---|---|
| fixed length control field | 00675nam a2200229Ia 4500 |
| 001 - CONTROL NUMBER | |
| control field | 75847 |
| 003 - CONTROL NUMBER IDENTIFIER | |
| control field | GBCCL |
| 005 - DATE AND TIME OF LATEST TRANSACTION | |
| control field | 20241126110519.0 |
| 008 - FIXED-LENGTH DATA ELEMENTS--GENERAL INFORMATION | |
| fixed length control field | 831212s1983 ph 000 0 eng d |
| 035 ## - SYSTEM CONTROL NUMBER | |
| System control number | (OCoLC)10210852 |
| 040 ## - CATALOGING SOURCE | |
| Original cataloging agency | IHT |
| Transcribing agency | IHT |
| Modifying agency | LBB |
| 049 ## - | |
| -- | LBBK |
| 082 ## - DEWEY DECIMAL CLASSIFICATION NUMBER | |
| Classification number | 226.60663 |
| Item number | PER |
| 090 ## - LOCALLY ASSIGNED LC-TYPE CALL NUMBER (OCLC); LOCAL CALL NUMBER (RLIN) | |
| Classification number (OCLC) (R) ; Classification number, CALL (RLIN) (NR) | BS2625.3 |
| Local cutter number (OCLC) ; Book number/undivided call number, CALL (RLIN) | .P47 1983 |
| 100 1# - MAIN ENTRY--PERSONAL NAME | |
| Personal name | Perdue, Cary Milburn, |
| Dates associated with a name | 1934- |
| 9 (RLIN) | 8331 |
| 245 10 - TITLE STATEMENT | |
| Title | Acts analyzed and explained / |
| Statement of responsibility, etc. | by Cary M. Perdue. |
| 260 ## - PUBLICATION, DISTRIBUTION, ETC. | |
| Place of publication, distribution, etc. | Manila, Republic of the Philippines : |
| Name of publisher, distributor, etc. | O.M.F. Publishers, |
| Date of publication, distribution, etc. | c1983. |
| 300 ## - PHYSICAL DESCRIPTION | |
| Extent | 197 p. ; |
| Dimensions | 23 cm. |
| 490 0# - SERIES STATEMENT | |
| Series statement | Christian helps series |
| 630 00 - SUBJECT ADDED ENTRY--UNIFORM TITLE | |
| Uniform title | Bible. |
| Name of part/section of a work | N.T. |
| -- | Acts |
| General subdivision | Commentaries. |
| 9 (RLIN) | 8310 |
| 942 ## - ADDED ENTRY ELEMENTS (KOHA) | |
| Source of classification or shelving scheme | Dewey Decimal Classification |
| Koha item type | Books |
| Koha issues (borrowed), all copies | 5 |
| Withdrawn status | Lost status | Source of classification or shelving scheme | Damaged status | Not for loan | Home library | Current Library | Shelving location | Date acquired | Total checkouts | Full call number | Barcode | Date last seen | Date last checked out | Copy number | Price effective from | Koha item type |
|---|---|---|---|---|---|---|---|---|---|---|---|---|---|---|---|---|
| Dewey Decimal Classification | GRACE BIBLE COLLEGE | GRACE BIBLE COLLEGE | Biblical Studies | 2018-01-22 | 8 | 226.60663 PER | 005453 | 2026-03-02 | 2026-02-25 | c.1 | 2018-01-22 | Books |